| 000 | 00464nam a2200181Ia 4500 | ||
|---|---|---|---|
| 001 | 16712 | ||
| 005 | 20260306170331.0 | ||
| 008 | 260306t2006||||xx |||||||||||||| ||und|| | ||
| 041 | _aESP | ||
| 082 |
_a349.621 _bO64 |
||
| 100 |
_aOré Sosa, Eduardo [1968-...] _eAUT |
||
| 245 | 0 | _aLa protección penal de la marca en el derecho español | |
| 260 | _c2006 | ||
| 300 |
_a385 páginas : _c23 cm. |
||
| 650 | _aGEN | ||
| 654 | _aCDE | ||
| 942 |
_cLIB _dJUS _fJUS _2ddc _n |
||
| 999 |
_c16712 _d16712 |
||